000 00301nam a2200109Ia 4500
008 231219s9999 xx 000 0 und d
041 _aeng
100 _aJerome Karter
245 _aManagement Oriented Mgt Information Systems
260 _bPrentice Hall of India Ltd New Delhi
650 _aManagement
999 _c975990
_d975990